000 00692nam a2200205Ii 4500
003 JO-AjNU
008 230605s9999||||xx |||||||||||||| ||und||
017 _a2007/10/3123
040 _aJO-AjNU
_bara
_erda
_cJO-AjNU
041 _aara
050 1 4 _aHQ799.5 2007
100 3 _aحمدي، نزيه,
_eauthor
_947713
245 0 0 _aالشباب ومواجهة الضغوط
264 3 1 _aعمان: وزارة الثقافة، 2007
300 _a98ص
_bيحتوي ببلوغرافية من ص 93-98ص
336 _atext
_btxt
_2rdacontent
337 _aunmediated
_bn
_2rdamedia
338 _avolume
_bnc
_2rdacarrier
650 4 _aالشباب - خدمات - رعاية اجتماعية
_947714
999 _aA20848
_c24416
_d24416